Sociedad Rural Argentina /

Los principales procesos económicos, políticos, sociales y culturales de nuestro país, desde sus inicios hasta su historia más reciente. A través de ilustraciones animadas, archivo histórico y fotografías emblemáticas de diferentes épocas, nos acercamos a diferentes momentos que han sido claves en e...

Descripción completa

Guardado en:
Autor Principal: Mignona, Sebastián
Autor Corporativo: Canal Encuentro.
Formato: Deslizar
Publicado: Argentina, 2013
Series:Historia de un País, Argentina Siglo XX
Materias:
Acceso en línea:https://www.educ.ar/recursos/117630/sociedad-rural-argentina
Etiquetas: Agregar Etiqueta
Sin Etiquetas, Sea el primero en etiquetar este registro!
LEADER 01439ngm a22003135g 4500
001 CEM.cems023461
008 130507s2013##################0###0#####d
005 20250408140514.0
245 1 0 |a Sociedad Rural Argentina /  |c Sebastián Mignona. 
260 |a Argentina,  |c 2013 
300 |a 27'. 
490 0 |a Historia de un País, Argentina Siglo XX 
538 |a Soporte: DVD - Formato: AVI - Resolución: 720 x 540 - 25fps - Grabación DRD. 
520 |a Los principales procesos económicos, políticos, sociales y culturales de nuestro país, desde sus inicios hasta su historia más reciente. A través de ilustraciones animadas, archivo histórico y fotografías emblemáticas de diferentes épocas, nos acercamos a diferentes momentos que han sido claves en el desarrollo de la Argentina y que proponen un punto de partida para el debate y la reflexión. 
590 |a Identificación anterior registrada en SIABUC: D48E. 
500 |a Consultar en ventanilla. 
100 1 |a Mignona, Sebastián 
710 2 |a Canal Encuentro. 
082 9 8 |/ MIG-4 
653 |a HISTORIA 
653 |a HISTORIA ARGENTINA 
653 |a CAMPO 
653 |a MODELO AGROEXPORTADOR 
653 |a SOCIEDAD RURAL 
653 |a AGRICULTURA 
653 |a GANADERIA 
653 |a SERIE DE TELEVISIÓN 
856 |u https://www.educ.ar/recursos/117630/sociedad-rural-argentina 
859 |a CEMS  |b BIB. CEMS - Depto. Recursos Didacticos  |h 982  |i MIG-4  |k DRD  |p 2104.15  |t Ej.1